Better Version - FLETCHER - Statistics

General Stats
  • This quiz has been taken 11 times
  • The average score is 238 of 341
Answer Stats
Hint Answer % Correct
Verse 1 I
100%
I'm
100%
a
75%
Chorus | Pre-Chorus And
75%
anxious
75%
at
75%
better
75%
but
75%
But
75%
career
75%
Chorus Do
75%
fixed
75%
fuck
75%
get
75%
gonna
75%
heart
75%
Helped
75%
her?
75%
her
75%
hurts
75%
Is
75%
it
75%
It's
75%
learned?
75%
learned
75%
Look
75%
loved
75%
makin'
75%
making
75%
me
75%
mine
75%
moves
75%
now
75%
Now
75%
of
75%
Of
75%
on
75%
ones
75%
other
75%
person
75%
reason
75%
so
75%
(So
75%
some
75%
star
75%
still
75%
that
75%
That
75%
the
75%
think
75%
use
75%
version
75%
was
75%
we
75%
Verse 2 We
75%
were
75%
when
75%
with
75%
worst
75%
you
75%
Bridge You
75%
your
75%
you're
75%
All
50%
all
50%
always
50%
are
50%
baby
50%
'Cause
50%
chest
50%
confident
50%
could
50%
cried
50%
did
50%
dumb
50%
'em
50%
endin'
50%
For
50%
gets
50%
girlfriend
50%
grown
50%
guess
50%
had
50%
hand
50%
happy
50%
hard
50%
hard)
50%
heavy
50%
Hold
50%
honestly
50%
how
50%
issues
50%
liftin'
50%
more
50%
motivated
50%
my
50%
new
50%
next
50%
out
50%
patient
50%
rub
50%
she'll
50%
should
50%
thank
50%
thought
50%
tried
50%
up
50%
warm
50%
work
50%
worked
50%
yeah
50%
young
50%
God
25%
kind
25%
knows
25%
nights
25%
part
25%
played
25%
thing
25%
wasted
25%
credits
0%
rollin'
0%
No matching quizzes found
Score Distribution
Percent of People with Each Score
Percentile by Number Answered
Your Score History
You have not taken this quiz